Länder, die Bosnien und Herzegowina am meisten besuchen - Statistiken

Allgemein
  • Dieses Quiz wurde 275 mal gespielt
  • Das Durchschnittsergebnis liegt bei 8 aus 14
Antwortstatistiken
Besucher Land % Korrekt
34.607 Deutschland
97%
77.852 Serbien
97%
96.965 Kroatien
96%
23.889 Österreich
86%
55.511 Slowenien
79%
52.056 Italien
71%
15.851 Frankreich
63%
90.712 Türkei
62%
25.926 Vereinigte Staaten
61%
39.811 Polen
41%
31.776 China
34%
20,684 Saudi Arabien
25%
52.056 Südkorea
7%
24.402 Malaysia
2%
Keine übereinstimmenden Quizze gefunden
Verteilung der Resultate
Anzahl Personen mit jedem Resultat
Perzentil nach korrekt beantworteten Fragen
Ihre Resultats-Entwicklung
Sie haben dieses Quiz noch nicht gespielt